000 01055nam a2200277Ia 4500
003 OSt
005 20221005110945.0
006 a|||||r|||| 00| 0
007 ta
008 GUJ
020 _a9788183612906 (hbk)
_c300
024 _a105662
037 _b1461, 17/03/2011, Kiran Book Service
_cTextual
040 _aCRL
_cCRL
_bGUJ
041 _2GUJ
_aGUJ
082 _aO156,3N54,AP, 152Q1
100 _aभट्ट, बिन्दु
245 0 _aअक्षय पात्र
246 _aAkṣhaya pātra
260 _aनई दिल्ली
_bराधाकृष्ण प्रकाशन भारत
_c2011
300 _a235पृ0
_ccm.
650 _aगुजराती साहित्य
700 _a वीरेन्द्र नारायण सिंह, अनु.
942 _hO156,3N54,AP, 152Q1
_cTEXL
_2cc
999 _c1020373
_d1020373